Statistiques concernant Tous les chefs d'état et de gouvernement européens

Cliquez ici pour prendre le quiz!

Statistiques générales

  • Ce quiz a été pris 75 fois
  • Le résultat moyen est 16 sur 92

Statistiques - réponses

PaysStatutNom% Correct
FrancePrésident de la républiqueEmmanuel Macron
97%
AndorreCoprince françaisEmmanuel Macron
97%
Première ministreÉlisabeth Borne
78%
Royaume UniRoiCharles III
75%
Chancelier fédéralOlaf Scholz
72%
RussiePrésidentVladimir Poutine
72%
UkrainePrésidentVolodymyr Zelensky
66%
VaticanPapeFrançois
63%
Premier ministreViktor Orban
58%
EspagneRoiFelipe VI
57%
MonacoPrince souverainAlbert II
54%
Première ministreLiz Truss
54%
Président du gouvernementPedro Sanchez
48%
BelgiqueRoiPhilippe
46%
Président du conseilMario Draghi
45%
BiélorussiePrésidentAlexandre Loukachenko
42%
Première ministreSanna Marin
29%
DanemarkReineMargrethe II
26%
ItaliePrésident de la républiqueSergio Mattarella
23%
Premier ministreAlexander De Croo
22%
PolognePrésident de la républiqueAnrzej Duda
22%
Pays-BasRoiWillem-Alexander
22%
SuèdeRoiCarl XVI Gustaf
20%
LuxembourgGrand-ducHenri
18%
AllemagnePrésident fédéralFrank-Walter Steinmeier
17%
Premier ministreKyriakos Mitsotakis
17%
Premier ministreAntonio Costa
15%
NorvègeRoiHarald V
15%
Premier ministreMark Rutte
15%
Ministre d’ÉtatMette Frederiksen
15%
Premier ministreKaja Kallas
14%
Premier ministreXavier Bettel
14%
AutrichePrésident FédéralAlexander Van der Bellen
12%
SerbiePrésident de la républiqueAleksander Vucic
11%
LiechtensteinPrince souverainHans-Adam II
11%
Premier ministreMicheal Martin
11%
Premier ministreEdi Rama
9%
LituaniePrésident de la républiqueGitanas Nausèda
9%
RoumaniePrésidentKlaus Iohannis
9%
Président du conseil des ministresMateusz Morawiecki
9%
FinlandePrésident de la républiqueSauli Niinisto
9%
SlovaquiePrésidente de la républiqueZuzana Caputova
9%
ChancelierKarl Nehammer
8%
MoldaviePrésidente de la républiqueMaia Sandu
8%
Premier ministreArturs Krisjanis Karins
6%
Chef du gouvernementDaniel Risch
6%
SuissePrésident de la confédérationIgnazio Cassis
6%
PortugalPrésident de la républiqueMarcelo Rebelo de Sousa
6%
Président du gouvernementMikhaïl Michoustine
6%
Premier ministreAndrej Plenkovic
5%
SlovéniePrésident de la républiqueBorut Pahor
5%
Premier ministreJonas Gahr Store
5%
HongriePrésidente de la républiqueKatalin Novak
5%
République TchèquePrésident de la républiqueMilos Zeman
5%
ChyprePrésident de la républiqueNikos Anastasiadis
5%
BulgariePrésident de la républiqueRoumen Radev
5%
EstoniePrésident de la républiqueAlar Karis
3%
Premier ministreAlbin Kurti
3%
Premier ministreDenys Chmyhal
3%
Président du gouvernementEduard Heger
3%
LettoniePrésident de la républiqueEgils Levits
3%
Première ministreKatrin Jakobsdottir
3%
Premier ministreMagdalena Andersson
3%
IrlandePrésidentMichael D.Higgins
3%
Ministre d’ÉtatPierre Dartout
3%
Premier ministreRobert Abela
3%
Président du gouvernementRobert Golob
3%
KosovoPrésidente de la républiqueVjosa Osmani
3%
Président du gouvernementAna Brnabic
2%
Haut Représentant internationalChristian Schmidt
2%
GrècePrésidente de la républiqueEkaterini Sakellaropoulou
2%
MaltePrésident de la républiqueGeorge Vella
2%
IslandePrésident de la républiqueGuoni Th.Johannesson
2%
Première ministreIngrida Simonyte
2%
Coprince épiscopalJoan-Enric Vives i Sicilia
2%
Première ministreNatalia Gavrilita
2%
Premier ministreNicolae Ciuca
2%
AlbaniePrésident de la républiqueBajram Begaj
0%
Premier ministreDimitar Kovacevski
0%
Premier ministreDritan Abazovic
0%
Premier ministreGalab Donev
0%
MonténégroPrésidentMilo Dukanovic
0%
Saint MarinCapitaine-RégentOscar Mina
0%
Capitaine-RégentPaolo Rondelli
0%
Secrétaire d’ÉtatPietro Parolin
0%
Premier ministrePrayuth Chan-ocha
0%
Premier ministreRoman Golovtchenko
0%
Bosnie
Herzégovine
Président du collège présidentielSefik Dzaferovic
0%
Macédoine du NordPrésident de la républiqueStevo Pendarovski
0%
Chef du gouvernementXavier Espot Zamora
0%
CroatiePrésident de la républiqueZoran Milanovic
0%
Président du conseilZoran Tegeltija
0%

Distribution des résultats

Percentile par nombre de réponses

% des personnes avec chaque résultat

Votre développement - résultats

Vous n’avez pas pris ce quiz